Trouve les paroles d'Abu Dhabi de Jain - Statistiques

Statistiques générales
  • Ce quiz a été pris 5 fois
  • Le résultat moyen est 223 sur 313
Statistiques - réponses
Hint Réponse % Correct
.. A
100%
. | .. I
100%
. is
100%
. my
100%
. Arabic
80%
. | .. back
80%
. | .. could
80%
. down
80%
. driving
80%
. In
80%
. inside
80%
. limits
80%
. me
80%
. mind
80%
. | .. Move
80%
. | .. move
80%
. | .. music
80%
. of
80%
. | .. on
80%
. Pushing
80%
. | .. so
80%
. sound
80%
. the
80%
. The
80%
. there
80%
. | .. you
80%
. All
60%
. | .. all
60%
. | .. And
60%
. and
60%
. blessed
60%
. bright
60%
. can
60%
. dance
60%
. day
60%
. | .. desert
60%
. first
60%
. | .. from
60%
. had
60%
. hide
60%
. | .. I'm
60%
. into
60%
. it
60%
. kind
60%
. land
60%
. miss
60%
. need
60%
. new
60%
. raise
60%
. see
60%
. shadows
60%
. songs
60%
. soul
60%
. sun
60%
. | .. taking
60%
. time
60%
. to
60%
. town
60%
. up
60%
. walked
60%
.. walls
60%
. wanted
60%
. way
60%
. Your
60%
. your
60%
. this
40%
. between
20%
. came
20%
. dunes
20%
.. found
20%
. learn
20%
. love
20%
. moon
20%
. much
20%
. never
20%
.. road
20%
. Straight
20%
. thought
20%
. through
20%
. true
20%
. under
20%
. voice
20%
Aucun quiz correspondant
Distribution des résultats
% des personnes avec chaque résultat
Percentile par nombre de réponses
Votre historique - résultats
Vous n’avez pas pris ce quiz